Think and grow rich / (Record no. 11364)
[ view plain ]
| 000 -LEADER | |
|---|---|
| fixed length control field | 00956nam a2200337 a 4500 |
| 001 - CONTROL NUMBER | |
| control field | 11364 |
| 003 - CONTROL NUMBER IDENTIFIER | |
| control field | BD-JhCC |
| 005 - DATE AND TIME OF LATEST TRANSACTION | |
| control field | 20230208134023.0 |
| 008 - FIXED-LENGTH DATA ELEMENTS--GENERAL INFORMATION | |
| fixed length control field | 190901s2004 enk 001 0 eng |
| 015 ## - NATIONAL BIBLIOGRAPHY NUMBER | |
| National bibliography number | GBA4X2402 |
| Source | bnb |
| 020 ## - INTERNATIONAL STANDARD BOOK NUMBER | |
| International Standard Book Number | 0091900212 (pbk.) |
| 020 ## - INTERNATIONAL STANDARD BOOK NUMBER | |
| International Standard Book Number | 9780091900212 |
| 035 ## - SYSTEM CONTROL NUMBER | |
| System control number | (Uk)012878658 |
| 035 ## - SYSTEM CONTROL NUMBER | |
| System control number | (BD-JhCC)11364 |
| 038 ## - RECORD CONTENT LICENSOR | |
| Record content licensor | Uk |
| 040 ## - CATALOGING SOURCE | |
| Original cataloging agency | StDuBDS |
| Modifying agency | Uk |
| Transcribing agency | BD-JhCC |
| 042 ## - AUTHENTICATION CODE | |
| Authentication code | ukblsr |
| 049 ## - LOCAL HOLDINGS (OCLC) | |
| Local processing data | b |
| 082 04 - DEWEY DECIMAL CLASSIFICATION NUMBER | |
| Classification number | 650.12 |
| Edition number | 22 |
| Item number | HIL 2004 |
| 090 ## - LOCALLY ASSIGNED LC-TYPE CALL NUMBER (OCLC); LOCAL CALL NUMBER (RLIN) | |
| Classification number (OCLC) (R) ; Classification number, CALL (RLIN) (NR) | BLI |
| Local cutter number (OCLC) ; Book number/undivided call number, CALL (RLIN) | YK.2005.a.4990 |
| 100 1# - MAIN ENTRY--PERSONAL NAME | |
| Personal name | Hill, Napoleon, |
| Dates associated with a name | 1883-1970. |
| 245 10 - TITLE STATEMENT | |
| Title | Think and grow rich / |
| Statement of responsibility, etc. | Napoleon Hill. |
| 250 ## - EDITION STATEMENT | |
| Edition statement | [New ed.] / |
| Remainder of edition statement | revised and expanded by Arthur R. Pell. |
| 260 ## - PUBLICATION, DISTRIBUTION, ETC. | |
| Place of publication, distribution, etc. | London : |
| Name of publisher, distributor, etc. | Vermilion, |
| Date of publication, distribution, etc. | 2004. |
| 300 ## - PHYSICAL DESCRIPTION | |
| Extent | xvii, 302 p. ; |
| Dimensions | 20 cm. |
| 500 ## - GENERAL NOTE | |
| General note | Orginally published: Meriden, Conn. : Ralston Society, 1937. |
| 500 ## - GENERAL NOTE | |
| General note | Includes index. |
| 650 #0 - SUBJECT ADDED ENTRY--TOPICAL TERM | |
| Topical term or geographic name entry element | Success in business. |
| 700 1# - ADDED ENTRY--PERSONAL NAME | |
| Personal name | Pell, Arthur R. |
| 942 ## - ADDED ENTRY ELEMENTS (KOHA) | |
| Source of classification or shelving scheme | Dewey Decimal Classification |
| Koha item type | Books |
| Koha issues (borrowed), all copies | 8 |
| Withdrawn status | Lost status | Source of classification or shelving scheme | Damaged status | Not for loan | Home library | Current library | Shelving location | Date acquired | Cost, normal purchase price | Total Checkouts | Full call number | Barcode | Date last seen | Date last checked out | Copy number | Price effective from | Koha item type |
|---|---|---|---|---|---|---|---|---|---|---|---|---|---|---|---|---|---|
| Dewey Decimal Classification | JCC Rouf Library | JCC Rouf Library | General Stacks | 09/02/2019 | 538.00 | 8 | 650.12 HIL 2004 | 15507 | 06/06/2024 | 09/17/2023 | C-1 | 09/02/2019 | Books | ||||
| Dewey Decimal Classification | JCC Rouf Library | JCC Rouf Library | General Stacks | 03/03/2021 | 508.00 | 5 | 650.12 HIL 2004 | 16558 | 08/16/2023 | 08/10/2023 | C-2 | 03/03/2021 | Books | ||||
| Dewey Decimal Classification | JCC Rouf Library | JCC Rouf Library | General Stacks | 05/18/2024 | 338.00 | 1 | 650.12 HIL 2004 | 19561 | 05/30/2024 | 05/27/2024 | C-3 | 05/18/2024 | Books |